000 00597nam a2200229 i 4500
001 bg
100 1 _aMASTALSKI, Ryszard
245 1 0 _aWprowadzenie do prawa podatkowego /
_cRyszard Mastalski.
260 _aWarszawa :
_bC. H. Beck,
_c1995.
300 _a122 s. ;
_c21 cm.
490 1 _aPodręczniki Prawnicze
504 _aBibliogr. s. 11-12.
650 9 _aPodatek
_xprawo
830 _aPodręczniki Prawnicze
020 _a8371100612
040 _cBPK
041 0 _apl
080 _a336.221.24
920 _a83-7110-061-2
942 _cKS
008 s pl f |000 0 pol
999 _c36139
_d36139
856 _uhttp://koha.tu.koszalin.pl/cgi-bin/koha/opac-detail.pl?biblionumber=36139
_yKatalog online BPK